LEADER 03126oam 2200481 450 001 9910483612303321 005 20210511195711.0 010 $a981-15-6560-0 024 7 $a10.1007/978-981-15-6560-1 035 $a(CKB)4100000011610362 035 $a(MiAaPQ)EBC6407610 035 $a(DE-He213)978-981-15-6560-1 035 $a(PPN)252505123 035 $a(EXLCZ)994100000011610362 100 $a20210511d2021 uy 0 101 0 $aeng 135 $aurnn|008mamaa 181 $ctxt$2rdacontent 182 $cc$2rdamedia 183 $acr$2rdacarrier 200 10$aUltrasonographic anatomy of the face and neck for minimally invasive procedures $ean anatomic guideline for ultrasonographic-guided procedures /$fHee-Jin Kim [and four others] 205 $a1st ed. 2021. 210 1$aGateway East, Singapore :$cSpringer,$d[2021] 210 4$d©2021 215 $a1 online resource (IX, 274 p. 273 illus., 223 illus. in color.) 311 $a981-15-6559-7 327 $aBasic principles of ultrasonographic imaging -- General US anatomy of the face and neck -- US anatomy of the forehead and temple -- US anatomy of the periorbital region -- US anatomy of the midface and nose -- US anatomy of the perioral and masseter region -- US anatomy of the upper superficial cervical region -- US applications in botulinum toxin injection procedures -- US applications in filler injection procedures -- US applications in thread lifting procedures. 330 $aThis is the very first book to describe the superficial anatomic structure of the face and neck by means of detailed ultrasonography (US). This superbly illustrated book will help aesthetic physicians to familiarize themselves with the US anatomy of the face and neck and to understand the applications and benefits of US when performing minimally invasive aesthetic procedures in this region. A deep understanding of anatomy is imperative if such procedures are to be safe and effective. Bearing in mind the range of potential anatomic variations, US can offer vital assistance in identifying target structures of the face beneath the skin when carrying out treatments that would otherwise be performed ?blind?. In this book, readers will find detailed guidance on the use of US in the context of botulinum toxin and filler injections, threading procedures, and other minimally invasive aesthetic approaches. This is done with the aid of more than 530 US images, including cadaveric dissections and illustrations of volunteers and patients. For novices, valuable information is also provided on the basics of US imaging. 606 $aNeck$xUltrasonic imaging 606 $aFace$xAnatomy 606 $aFace$xUltrasonic imaging 615 0$aNeck$xUltrasonic imaging. 615 0$aFace$xAnatomy. 615 0$aFace$xUltrasonic imaging. 676 $a611.92 700 $aKim$b Hee-Jin$0910566 801 0$bMiAaPQ 801 1$bMiAaPQ 801 2$bUtOrBLW 906 $aBOOK 912 $a9910483612303321 996 $aUltrasonographic anatomy of the face and neck for minimally invasive procedures$92854015 997 $aUNINA LEADER 03103 am 2200829 n 450 001 9910156253003321 005 20230727175441.0 010 $a979-1-03-510006-3 024 7 $a10.4000/books.psorbonne.4555 035 $a(CKB)3710000000982062 035 $a(FrMaCLE)OB-psorbonne-4555 035 $a(oapen)https://directory.doabooks.org/handle/20.500.12854/40165 035 $a(PPN)198367996 035 $a(EXLCZ)993710000000982062 100 $a20161214j|||||||| ||| 0 101 0 $afre 135 $auu||||||m|||| 181 $ctxt$2rdacontent 182 $cc$2rdamedia 183 $acr$2rdacarrier 200 10$aAdoption et adaptation /$fCharlène Bouchaud, Quentin Borderie, Thibault Valette, Charles-Édouard Sauvin 210 $aParis $cÉditions de la Sorbonne$d2016 215 $a1 online resource (208 p.) 311 $a2-85944-762-8 330 $aRéalisés dans le cadre de la cinquième rencontre de l'École doctorale d'archéologie portant sur le thème « Adoption et adaptation », les neufs articles de ce volume illustrent la pluralité et la complexité de ce sujet à forte résonnance actuelle. La culture matérielle du Moyen-Orient, de l'Europe occidentale et de la Mésoamérique, depuis le Néolithique jusqu'au début de l'époque moderne est ici au centre des observations, exprimant aussi bien les formes d'adaptation à un environnement que les transmissions des formes et des fonctions dans l'espace et dans le temps. 606 $aHistory & Archaeology 606 $aacculturation 606 $aadaptation 606 $aadoption 606 $ahéritage 606 $ainteraction 606 $amodèle 606 $ainheritance 606 $ainteraction model 610 $amodèle 610 $aadoption 610 $ainteraction 610 $aadaptation 610 $aacculturation 610 $ahéritage 615 4$aHistory & Archaeology 615 4$aacculturation 615 4$aadaptation 615 4$aadoption 615 4$ahéritage 615 4$ainteraction 615 4$amodèle 615 4$ainheritance 615 4$ainteraction model 700 $aArnauld$b Marie-Charlotte$0885143 701 $aBillard$b Claire$01309167 701 $aBorderie$b Quentin$01291554 701 $aBouchaud$b Charlène$01309168 701 $aBrailly$b Aurore$01309169 701 $aFranceschi$b Delphine$01309170 701 $aLe Maguer$b Sterenn$01309171 701 $aLe Maillot$b Aurélien$01302325 701 $aMarticorena$b Pablo$01309172 701 $aParés$b Andréa$01309173 701 $aSauvin$b Charles-Édouard$01291600 701 $aTestard$b Juliette$01309174 701 $aValette$b Thibault$01309175 701 $aWech$b Pierre$01283169 701 $aBouchaud$b Charlène$01309168 701 $aBorderie$b Quentin$01291554 701 $aValette$b Thibault$01309175 701 $aSauvin$b Charles-Édouard$01291600 801 0$bFR-FrMaCLE 906 $aBOOK 912 $a9910156253003321 996 $aAdoption et adaptation$93029326 997 $aUNINA